[Event "50th World Juniors"]
[Site "Chennai IND"]
[Date "2011.08.03"]
[Round "2.36"]
[White "Debashish, Dutta"]
[Black "Debashis, Das"]
[Result "0-1"]
[BlackTitle "IM"]
[WhiteElo "2127"]
[BlackElo "2396"]
[WhiteFideId "5037816"]
[BlackFideId "5024854"]
[EventDate "2011.08.02"]

1. e4 c5 2. Ne2 d6 3. Nbc3 Nf6 4. g3 g6 5. Bg2 Bg7 6. O-O Nc6 7. d4 cxd4 8. Nxd4
Bd7 9. Nxc6 bxc6 10. h3 O-O 11. Be3 Rb8 12. Rb1 Qc7 13. Qd2 Rfd8 14. f4 Be6 15.
Qf2 Rb7 16. b3 Rb4 17. Rbd1 a5 18. a3 Rbb8 19. Ne2 c5 20. g4 a4 21. f5 Bc8 22.
g5 Nh5 23. Bf3 axb3 24. cxb3 Rxb3 25. fxg6 fxg6 26. Bxh5 Rf8 27. Bf3 Bxh3 28. e5
Bxf1 29. Rxf1 e6 30. exd6 Qd8 31. Kh1 Bd4 32. Nxd4 cxd4 33. Bxd4 Rbxf3 34. Qxf3
Rxf3 35. Rxf3 Qxd6 36. Bf6 e5 37. Kg2 e4 38. Rc3 Qd2+ 39. Kg3 e3 40. Rc8+ Kf7
41. Rc7+ Ke6 42. Re7+ Kd6 43. Re8 Qf2+ 44. Kg4 e2 0-1

[Event "50th World Juniors"]
[Site "Chennai IND"]
[Date "2011.08.03"]
[Round "2.37"]
[White "Krysa, Leandro"]
[Black "Navalgund, Niranjan"]
[Result "1-0"]
[WhiteTitle "FM"]
[WhiteElo "2374"]
[BlackElo "2188"]
[WhiteFideId "116807"]
[BlackFideId "5030854"]
[EventDate "2011.08.02"]

1. d4 Nf6 2. c4 g6 3. Nf3 Bg7 4. g3 c5 5. Bg2 O-O 6. O-O cxd4 7. Nxd4 Nc6 8. Nc3
Nxd4 9. Qxd4 d6 10. Qd3 Bf5 11. e4 Be6 12. b3 Nd7 13. Bd2 Nc5 14. Qe2 Qd7 15.
Rad1 Bh3 16. Bxh3 Qxh3 17. Nd5 Qd7 18. Bg5 f6 19. Bc1 e6 20. Nf4 Qc6 21. b4 Na4
22. Qc2 b5 23. Nxe6 Rfe8 24. Nxg7 Kxg7 25. Rd4 Rac8 26. Rfd1 Re6 27. Bf4 bxc4
28. Rxd6 Rxd6 29. Rxd6 Qb5 30. Qd2 g5 31. Qd4 Rf8 32. Rd5 Qxb4 33. Bd6 Qb1+ 34.
Kg2 Re8 35. Rxg5+ Kf7 36. Ra5 Nb2 37. Qd5+ Kg7 38. Rxa7+ Kh8 39. Be7 1-0

[Event "50th World Juniors"]
[Site "Chennai IND"]
[Date "2011.08.03"]
[Round "2.38"]
[White "Narayanan, Srinath"]
[Black "Lokesh, N."]
[Result "1-0"]
[WhiteTitle "IM"]
[WhiteElo "2371"]
[BlackElo "2090"]
[WhiteFideId "5018420"]
[BlackFideId "5025044"]
[EventDate "2011.08.02"]

1. e4 e5 2. Nf3 Nf6 3. d4 Nxe4 4. Bd3 d5 5. Nxe5 Nd7 6. Nxd7 Bxd7 7. O-O Bd6 8.
c4 c6 9. cxd5 cxd5 10. Nc3 Qh4 11. g3 Nxc3 12. bxc3 Qg4 13. Re1+ Kf8 14. Qb3 Bc6
15. Ba3 Qd7 16. Bf1 g6 17. Bg2 Bxa3 18. Qxa3+ Kg7 19. Re7 Qf5 20. Re5 Qd7 21. c4
dxc4 22. d5 Bb5 23. Qb2 c3 24. Qxc3 Rhc8 25. Qb4 Rc4 26. Qb2 Kg8 27. Rae1 a6 28.
h4 Rac8 29. a4 Rc2 30. Qa1 Bd3 31. d6 f6 32. Bd5+ Kf8 33. Re8+ 1-0

[Event "50th World Juniors"]
[Site "Chennai IND"]
[Date "2011.08.03"]
[Round "2.39"]
[White "Yohan, J."]
[Black "Kuchynka, Lukas"]
[Result "0-1"]
[BlackTitle "FM"]
[WhiteElo "2017"]
[BlackElo "2339"]
[WhiteFideId "5058589"]
[BlackFideId "325058"]
[EventDate "2011.08.02"]

1. e4 c5 2. Nf3 Nc6 3. d4 cxd4 4. Nxd4 Qb6 5. Nb3 Nf6 6. Nc3 e6 7. Be3 Qc7 8. a3
a6 9. f4 d6 10. Bd3 Be7 11. O-O b5 12. Qe2 O-O 13. g4 b4 14. axb4 Nxb4 15. g5
Nd7 16. f5 Re8 17. Nd4 Ne5 18. f6 Bf8 19. Rf4 Nexd3 20. cxd3 e5 21. Rh4 exd4 22.
Qh5 h6 23. fxg7 Bxg7 24. gxh6 Re5 25. Qf3 dxe3 26. hxg7 Qe7 27. Rh8+ Kxg7 28.
Rh5 Rxh5 29. Qxh5 Qe5 30. Qe2 Be6 31. Kh1 Rh8 32. Rg1+ Kf8 33. Nd1 Nxd3 34. Nxe3
Qxe4+ 35. Rg2 Bh3 36. Qc2 Bxg2+ 37. Nxg2 Nc5 38. Qd2 Qb1+ 39. Ne1 Qe4+ 40. Ng2
Ke7 41. b4 Ne6 42. Qf2 Rg8 43. Qa7+ Nc7 44. Qxc7+ Ke6 0-1

[Event "WJCC 2011"]
[Site "Chennai India"]
[Date "2011.08.02"]
[Round "2.41"]
[White "Anwesh, Upadhyaya"]
[Black "Barbier, Sigiswald"]
[Result "1-0"]
[WhiteTitle "IM"]
[WhiteElo "2429"]
[BlackElo "2088"]
[WhiteFideId "5028949"]
[BlackFideId "262447"]
[EventDate "2011.??.??"]

1. d4 Nf6 2. c4 e6 3. g3 Bb4+ 4. Bd2 Qe7 5. Nf3 Nc6 6. Nc3 Bxc3 7. Bxc3 Ne4 8.
Rc1 d6 9. d5 Nxc3 10. Rxc3 Nb8 11. dxe6 fxe6 12. Nd4 O-O 13. Bg2 e5 14. Nc2 a5
15. O-O Nc6 16. Ne3 Be6 17. Nd5 Qf7 18. e3 Nb4 19. a3 Na6 20. f4 Qd7 21. Qh5
Rae8 22. fxe5 Rxf1+ 23. Kxf1 Bf7 24. Qg5 Rxe5 25. Nf6+ Kh8 26. Qxe5 Qa4 27. Qe7
Bxc4+ 28. Ke1 gxf6 29. Qf8+ Bg8 30. Qxf6# 1-0

[Event "50th World Juniors"]
[Site "Chennai IND"]
[Date "2011.08.03"]
[Round "2.42"]
[White "Lim, Zhuo Ren"]
[Black "Vaibhav, Suri"]
[Result "1-0"]
[BlackTitle "IM"]
[WhiteElo "2155"]
[BlackElo "2430"]
[WhiteFideId "5702488"]
[BlackFideId "5045185"]
[EventDate "2011.08.02"]

1. d4 Nf6 2. c4 e6 3. Nf3 d5 4. g3 dxc4 5. Bg2 a6 6. O-O Nc6 7. e3 Rb8 8. Nfd2
e5 9. Bxc6+ bxc6 10. dxe5 Ng4 11. Nxc4 Be6 12. Nbd2 h5 13. h3 h4 14. hxg4 hxg3
15. fxg3 Qd3 16. Qf3 Bd5 17. e4 Bc5+ 18. Kg2 Bxc4 19. Qxd3 Bxd3 20. Rf3 Rd8 21.
a3 Be2 22. Rb3 Bxg4 23. Rc3 Bd4 24. Rxc6 Bh3+ 25. Kf3 Bd7 26. Rxa6 Rh2 27. g4
Be6 28. a4 g5 29. Ra3 Bxb2 1-0

[Event "50th World Juniors"]
[Site "Chennai IND"]
[Date "2011.08.03"]
[Round "2.43"]
[White "Manigandan, S S"]
[Black "Valsecchi, Alessio"]
[Result "1/2-1/2"]
[BlackTitle "FM"]
[WhiteElo "2109"]
[BlackElo "2354"]
[WhiteFideId "5034981"]
[BlackFideId "818860"]
[EventDate "2011.08.02"]

1. d4 Nf6 2. c4 e6 3. Nf3 c5 4. d5 exd5 5. cxd5 d6 6. Nc3 g6 7. e4 Bg7 8. Bc4
O-O 9. O-O a6 10. a4 Bg4 11. h3 Bxf3 12. Qxf3 Nbd7 13. Bf4 Qe7 14. Qg3 Ne8 15.
Rfe1 h6 16. h4 Kh7 17. Qh2 Ne5 18. Be2 Rb8 19. Bg3 Qc7 20. f4 Nd7 21. Bf3 b5 22.
axb5 axb5 23. e5 b4 24. Ne4 dxe5 25. fxe5 Nxe5 26. Ng5+ hxg5 27. hxg5+ Kg8 28.
Rxe5 Qb6 29. Bg4 c4+ 30. Kh1 c3 31. Re6 cxb2 32. Rd1 fxe6 33. Bxe6+ Qxe6 34.
dxe6 Rd8 35. Rb1 Rf5 36. Qg1 Rxg5 37. Bh4 Rh5 38. Qf2 Rd4 39. g3 Rf5 40. Qe2 g5
41. Qh5 Nd6 42. e7 Re4 43. Qg6 Rxe7 44. Rxb2 Rf6 45. Qxg5 Re1+ 46. Kg2 Ne4 47.
Qd5+ Rf7 48. g4 Bxb2 49. Bxe1 Nf6 50. Qb3 Bc3 51. Bxc3 bxc3 52. Qxc3 Nxg4 53.
Qc8+ Kh7 54. Qc2+ Kg8 55. Qg6+ Kf8 56. Kg3 Nf6 57. Kf4 Nd7+ 58. Ke4 Nf6+ 59. Ke5
Ke7 60. Qg5 Rf8 61. Qh4 Rf7 62. Qb4+ Ke8 63. Qb8+ Ke7 64. Qb4+ Ke8 65. Kd6 Re7
66. Qh4 Ne4+ 67. Kd5 Kf7 68. Qh7+ Kf8 69. Qg6 Re8 70. Qh6+ Kf7 71. Qh7+ Kf6 72.
Kd4 Re7 73. Qxe7+ Kxe7 1/2-1/2

[Event "50th World Juniors"]
[Site "Chennai IND"]
[Date "2011.08.03"]
[Round "2.46"]
[White "Zulfic, Fedja"]
[Black "Aaron, Deepak"]
[Result "1/2-1/2"]
[WhiteElo "2098"]
[BlackElo "2288"]
[WhiteFideId "3208427"]
[BlackFideId "2009412"]
[EventDate "2011.08.02"]

1. d4 d5 2. c4 c6 3. cxd5 cxd5 4. Nc3 Nf6 5. Bf4 Nc6 6. e3 e6 7. Bd3 a6 8. Rc1
Be7 9. Nf3 O-O 10. O-O Bd7 11. Ne5 Rc8 12. a3 Na5 13. e4 dxe4 14. Nxe4 Rxc1 15.
Nxf6+ Bxf6 16. Qxc1 Bb5 17. Bxb5 axb5 18. Qc3 Bxe5 19. Bxe5 Nc6 20. Bxg7 Kxg7
21. d5+ Qf6 22. Qg3+ Kh8 23. dxc6 bxc6 24. b4 Rg8 25. Qe3 Rd8 26. Qc5 e5 27. g3
Kg8 28. Qc3 Rd4 29. Rc1 Rc4 30. Qe3 Rxc1+ 31. Qxc1 Qd6 32. Qg5+ Kf8 33. Qf5 h6
34. Qf3 Ke7 35. Qe3 f5 36. Qa7+ Qd7 37. Qc5+ Qd6 38. Qa7+ Qd7 39. Qc5+ Qd6 40.
Qa7+ Ke6 41. Qh7 Qd1+ 42. Kg2 Qh5 43. Qc7 Qe8 44. Qh7 Qf8 1/2-1/2

[Event "50th World Juniors"]
[Site "Chennai IND"]
[Date "2011.08.03"]
[Round "2.47"]
[White "Tomazini, Zan"]
[Black "Mastalerz, Xavier"]
[Result "1-0"]
[WhiteElo "2288"]
[BlackElo "2129"]
[WhiteFideId "14608162"]
[BlackFideId "208310"]
[EventDate "2011.08.02"]

1. e4 e6 2. d4 d5 3. e5 c5 4. c3 Nc6 5. Nf3 Qb6 6. a3 f6 7. Bd3 fxe5 8. dxe5 Nh6
9. c4 Nf7 10. O-O d4 11. Re1 Bd7 12. Qc2 O-O-O 13. Bxh7 Qc7 14. Bf4 Be7 15. Bg6
Rdf8 16. Nbd2 Nh6 17. Bg3 Nf5 18. Bxf5 Rxf5 19. Ne4 Rxf3 20. Nd6+ Kb8 21. Nb5
Rxf2 22. Qxf2 Qd8 23. Nd6 Rf8 24. Qc2 Bg5 25. Qe4 Be3+ 26. Kh1 Qg5 27. Rf1 Rxf1+
28. Rxf1 Qh5 29. b4 Qe2 30. Re1 Qd2 31. b5 Nd8 32. Qh4 Kc7 33. Qe7 d3 34. Ne4
Qc2 35. Rxe3 Qc1+ 36. Re1 d2 37. Qd6+ 1-0

[Event "50th World Juniors"]
[Site "Chennai IND"]
[Date "2011.08.03"]
[Round "2.49"]
[White "Botta, Gabriele"]
[Black "Kourkoulos-Arditis, Stamatis"]
[Result "1-0"]
[WhiteTitle "FM"]
[WhiteElo "2261"]
[BlackElo "2123"]
[WhiteFideId "1312120"]
[BlackFideId "4221990"]
[EventDate "2011.08.02"]

1. e4 c5 2. Nf3 e6 3. c3 d5 4. exd5 Qxd5 5. d4 Nf6 6. Be2 Be7 7. O-O O-O 8. Be3
cxd4 9. cxd4 Nc6 10. Nc3 Qd6 11. Rc1 Rd8 12. a3 Nd5 13. Ne4 Qb8 14. Qc2 f5 15.
Nc5 Bxc5 16. Qxc5 Bd7 17. Qc2 Qd6 18. Bc4 Rac8 19. Qd3 Nb6 20. Ba2 h6 21. Qxf5
Rf8 22. Qd3 Nd5 23. Bb1 Nf6 24. Bxh6 gxh6 25. Qg6+ Kh8 26. Qxh6+ Kg8 27. Qg6+
Kh8 28. Rc5 e5 29. dxe5 Nd4 30. Nxd4 1-0

[Event "50th World Juniors"]
[Site "Chennai IND"]
[Date "2011.08.03"]
[Round "2.50"]
[White "Hemant, Sharma"]
[Black "Abhilash, Reddy M.L."]
[Result "1-0"]
[WhiteElo "2247"]
[BlackElo "2109"]
[WhiteFideId "5025842"]
[BlackFideId "5024668"]
[EventDate "2011.08.02"]

1. e4 c5 2. Nc3 d6 3. g3 g6 4. Bg2 Bg7 5. d3 Nc6 6. Be3 Rb8 7. Qd2 b5 8. Nge2 b4
9. Nd1 Nd4 10. O-O e6 11. f4 Ne7 12. g4 f5 13. gxf5 exf5 14. Ng3 O-O 15. c3 bxc3
16. bxc3 Nb5 17. Rc1 Qa5 18. e5 dxe5 19. Bxc5 Qc7 20. Qf2 Bb7 21. Bxb7 Rxb7 22.
fxe5 Bxe5 23. d4 Bd6 24. c4 Bxc5 25. dxc5 Na3 26. Ne4 Rbb8 27. Nd6 f4 28. Qd4
Qc6 29. Qe5 Qd7 30. Rxf4 Rxf4 31. Qxf4 Rf8 32. Qe4 Qh3 33. Ne3 Nc6 34. Rf1 Rxf1+
35. Nxf1 Qd7 36. Qd5+ Kg7 37. Ne3 Qh3 38. Qf7+ Kh6 39. Qf4+ Kg7 40. Ng4 h5 41.
Qf7+ Kh8 42. Qf8+ 1-0

[Event "WJCC 2011"]
[Site "Chennai India"]
[Date "2011.08.03"]
[Round "2.52"]
[White "Akash Pc, Iyer"]
[Black "Kulkarni, Rakesh"]
[Result "1-0"]
[WhiteElo "2069"]
[BlackElo "2231"]
[WhiteFideId "5006775"]
[BlackFideId "5037077"]
[EventDate "2011.??.??"]

1. e4 c5 2. Nf3 a6 3. d3 Nc6 4. g3 g6 5. Bg2 Bg7 6. O-O e6 7. c3 d5 8. Nbd2 Nge7
9. Qe2 O-O 10. Nb3 b6 11. Nh4 a5 12. a4 dxe4 13. Qxe4 Ba6 14. Rd1 c4 15. Nd4
Nxd4 16. cxd4 Rc8 17. dxc4 Bxc4 18. Bg5 Bd5 19. Qd3 f6 20. Bxd5 Qxd5 21. Be3 Rc4
22. b3 Rb4 23. Rab1 b5 24. axb5 Rb8 25. Ng2 g5 26. Bd2 R4xb5 27. Ne3 Qd7 28. Be1
f5 29. Nc4 Nc6 30. Qe3 Nxd4 31. Nxa5 Re5 32. Rxd4 Qe8 33. Qd3 f4 34. Rd7 Rf5 35.
Nc6 Bf6 36. Nxb8 f3 37. Bc3 Bxc3 38. Rd8 1-0

[Event "WJCC 2011"]
[Site "Chennai India"]
[Date "2011.08.03"]
[Round "2.40"]
[White "Gagare, Shardul"]
[Black "Herman, Jean"]
[Result "1-0"]
[WhiteTitle "FM"]
[WhiteElo "2223"]
[BlackElo "2105"]
[WhiteFideId "5037883"]
[BlackFideId "263036"]
[EventDate "2011.??.??"]

1. c4 e5 2. g3 Nf6 3. Bg2 Nc6 4. Nc3 Bc5 5. e3 d5 6. cxd5 Nb4 7. d4 exd4 8. exd4
Be7 9. Nf3 O-O 10. O-O Nbxd5 11. Re1 h6 12. Ne5 c6 13. Bd2 Qb6 14. Nxd5 Nxd5 15.
Bc3 Bf6 16. Qc2 Be6 17. a3 Rad8 18. Re2 Nxc3 19. bxc3 Bd5 20. Bh3 Qc7 21. Rae1
Rfe8 22. Nd7 Rxe2 23. Nxf6+ gxf6 24. Qxe2 Qd6 25. a4 c5 26. c4 Be6 27. dxc5 Qc6
28. Bxe6 Qxe6 29. Qxe6 fxe6 30. Rxe6 Rc8 31. Re7 b6 32. cxb6 axb6 33. Re6 Rxc4
34. Rxf6 Rxa4 35. Rxb6 Kg7 36. Kg2 Ra2 37. g4 Ra3 38. f3 Rc3 39. Kg3 Ra3 40. h4
Ra4 41. g5 hxg5 42. hxg5 Rc4 43. f4 1-0

[Event "WJCC 2011"]
[Site "Chennai India"]
[Date "2011.08.03"]
[Round "2.54"]
[White "Visakh, NR"]
[Black "Aravindh, Chithambaram VR."]
[Result "1-0"]
[WhiteElo "2042"]
[BlackElo "2212"]
[WhiteFideId "25012223"]
[BlackFideId "5072786"]
[EventDate "2011.??.??"]

1. e4 c5 2. Nf3 Nc6 3. d4 cxd4 4. Nxd4 Nf6 5. Nc3 e5 6. Ndb5 d6 7. Nd5 Nxd5 8.
exd5 Nb8 9. c4 a6 10. Nc3 Be7 11. Be2 O-O 12. O-O f5 13. Kh1 Nd7 14. f4 Bf6 15.
Qc2 exf4 16. Bxf4 Be5 17. Rad1 g6 18. b4 Bxf4 19. Rxf4 Ne5 20. c5 Bd7 21. Qb3
Kh8 22. Rdf1 Qe7 23. Qb2 Kg8 24. Qd2 Rac8 25. c6 bxc6 26. Bxa6 Rb8 27. dxc6 Bxc6
28. Bc4+ Kh8 29. Bd5 Bd7 30. a4 Rfc8 31. b5 Rc5 32. Rb4 Ng4 33. h3 Nf6 34. Re1
Qg7 35. Bf3 Re5 36. Rxe5 dxe5 37. Qd6 Re8 38. b6 e4 39. Be2 Bc8 40. a5 f4 41.
Qxf4 Nh5 42. Qe3 Qe5 43. Bxh5 gxh5 44. Rxe4 1-0

[Event "50th World Juniors"]
[Site "Chennai IND"]
[Date "2011.08.03"]
[Round "2.55"]
[White "Dusthageer, Ibrahim M."]
[Black "Ghaledar, Faraz"]
[Result "1-0"]
[WhiteElo "2212"]
[BlackElo "2088"]
[WhiteFideId "5028515"]
[BlackFideId "12510378"]
[EventDate "2011.08.02"]

1. e4 e6 2. d4 d5 3. Nc3 Bb4 4. e5 c5 5. a3 Bxc3+ 6. bxc3 Ne7 7. Qg4 O-O 8. Bd3
Qa5 9. Bd2 Nbc6 10. Nf3 f5 11. exf6 Rxf6 12. Qh5 Nf5 13. g4 c4 14. Be2 Nd6 15.
O-O Bd7 16. Ne5 Be8 17. Nxc6 bxc6 18. Qe5 Ne4 19. Be1 Bg6 20. f3 Nxc3 21. Kg2 c5
22. dxc5 d4 23. Qxd4 Nxe2 24. Qxf6 gxf6 25. Bxa5 Bxc2 26. Ra2 Bd3 27. Re1 Nf4+
28. Kg3 e5 29. g5 Kf7 30. Rb2 Rg8 31. h4 h6 32. c6 hxg5 33. c7 gxh4+ 34. Kh2 Bf5
35. Rg1 Rc8 36. Rb8 c3 37. Ra1 c2 38. Rc1 Rxc7 39. Bxc7 Ne2 40. Ra1 c1=Q 41.
Rxc1 Nxc1 42. Rb7 Kg6 43. Rxa7 Nb3 44. Ra6 Nd4 45. Kg2 h3+ 46. Kg3 Bd3 47. Rb6
h2 48. Kxh2 Nxf3+ 49. Kg3 Nd2 50. Bxe5 Kf5 51. Ba1 Ne4+ 52. Kf3 Bf1 53. a4 Bc4
54. Ke3 Bd5 55. a5 Kg6 56. a6 Kf7 57. a7 1-0

[Event "50th World Juniors"]
[Site "Chennai IND"]
[Date "2011.08.03"]
[Round "2.56"]
[White "Gusain, Himal"]
[Black "Sekar, B"]
[Result "1-0"]
[WhiteElo "2208"]
[BlackElo "2061"]
[WhiteFideId "5033861"]
[BlackFideId "5043743"]
[EventDate "2011.08.02"]

1. e4 c5 2. Nf3 d6 3. Nc3 Nf6 4. Bc4 e6 5. O-O Be7 6. d4 cxd4 7. Nxd4 a6 8. a4
Nc6 9. Be3 O-O 10. Nb3 b6 11. f4 Bb7 12. Kh1 Qc7 13. Qd2 Na5 14. Nxa5 bxa5 15.
Bd3 Bc6 16. Rae1 Rfd8 17. Qe2 Qb7 18. Bd4 Qb4 19. Bxf6 Bxf6 20. e5 Bh4 21. Bxh7+
Kxh7 22. Qh5+ Kg8 23. Qxh4 dxe5 24. Rxe5 Rd2 25. Ne2 Qc4 26. Rf2 Rad8 27. Ng1 f6
28. Ree2 Qxc2 29. Qh3 Rxe2 30. Rxe2 Qf5 31. Qb3 Bd5 32. Qb6 Ra8 33. Qc7 Qd3 34.
Rc2 Qb3 35. Rc3 Qxb2 36. Rg3 f5 37. h3 Qf6 38. Kh2 Qf7 39. Qxa5 Qb7 40. Nf3 Rc8
41. Ne5 Qb1 42. Ng6 Kh7 43. Rg5 Rc1 44. Kg3 Rg1 45. Kh4 Rxg2 46. Nf8+ Kg8 47.
Nxe6 Qe4 48. Qd8+ Kf7 49. Rxg2 Qxg2 50. Ng5+ Kg6 51. Qe8+ 1-0

[Event "50th World Juniors"]
[Site "Chennai IND"]
[Date "2011.08.03"]
[Round "2.57"]
[White "Krishna, Prasad K.C."]
[Black "Lokesh, P."]
[Result "1-0"]
[WhiteElo "2027"]
[BlackElo "2194"]
[WhiteFideId "5020239"]
[BlackFideId "5023157"]
[EventDate "2011.08.02"]

1. e4 c5 2. Nf3 d6 3. c3 Nf6 4. Be2 g6 5. O-O Bg7 6. Bb5+ Bd7 7. Bxd7+ Nbxd7 8.
Re1 O-O 9. d4 Ne8 10. Be3 Nc7 11. a4 Ne6 12. Na3 Nf6 13. d5 Nc7 14. Qd3 Qd7 15.
Nc4 Rad8 16. h3 e6 17. dxe6 Nxe6 18. Ng5 Qc7 19. Nxe6 fxe6 20. Bf4 Ne8 21. Bg3
Qf7 22. Rad1 d5 23. exd5 exd5 24. Qe2 Bf6 25. Ne5 Qg7 26. Ng4 h5 27. Qe6+ Kh7
28. Nxf6+ Nxf6 29. Be5 Rde8 30. Qd6 Rd8 31. Qxc5 Qf7 32. Bxf6 Qxf6 33. Re7+ Rf7
34. Rxf7+ Qxf7 35. Qxa7 Re8 36. a5 Rf8 37. c4 d4 38. Rxd4 Re8 39. Rd1 Re2 40. b3
Rb2 41. Qb6 Kh6 42. Qe3+ Kh7 43. Re1 Qf5 44. Qd4 Rb1 45. Rxb1 Qxb1+ 46. Kh2 Qxb3
47. Qb6 Qxc4 48. Qxb7+ Kh6 49. g3 h4 50. Qf3 hxg3+ 51. Kxg3 Kg7 52. Qb7+ Kh6 53.
a6 Qf1 54. a7 Qd3+ 55. Kg2 Qf5 56. a8=Q Qg5+ 57. Kf3 Qf5+ 58. Ke3 Qc5+ 59. Kd3
Qf5+ 60. Qe4 Qb5+ 61. Kd2 Qb2+ 62. Kd1 Qb3+ 63. Qc2 1-0

[Event "50th World Juniors"]
[Site "Chennai IND"]
[Date "2011.08.03"]
[Round "2.58"]
[White "Gahan, M.G."]
[Black "Jaswant, G"]
[Result "1-0"]
[WhiteElo "2188"]
[BlackElo "2036"]
[WhiteFideId "5027373"]
[BlackFideId "5039401"]
[EventDate "2011.08.02"]

1. e4 c6 2. d4 d5 3. exd5 cxd5 4. c4 Nf6 5. Nc3 e6 6. Nf3 Bb4 7. cxd5 Nxd5 8.
Qc2 Nc6 9. Bd3 Ba5 10. a3 Nxc3 11. bxc3 Nxd4 12. Nxd4 Qxd4 13. Bb5+ Bd7 14. O-O
Qxc3 15. Bxd7+ Kxd7 16. Qa4+ Ke7 17. Bg5+ f6 18. Rac1 Qe5 19. Bf4 Qf5 20. Bd2
Bb6 21. Bb4+ Kf7 22. Qd7+ Kg6 23. Rc3 Rhg8 24. Rg3+ Kh5 25. Qf7+ Kh4 26. Rh3+
Kg4 27. Rf3 Qd5 28. h3+ Kg5 29. Rg3+ Kh6 30. Rg4 g5 31. Qxf6+ Rg6 32. Bf8+ Kh5
33. Qf7 h6 34. Rd4 Qxd4 35. g4+ Kh4 36. Qxg6 Qxf2+ 37. Rxf2 Rc8 38. Kg2 1-0

[Event "50th World Juniors"]
[Site "Chennai IND"]
[Date "2011.08.03"]
[Round "2.60"]
[White "Benitez Lozano, Javier"]
[Black "Yashas, D."]
[Result "1-0"]
[WhiteElo "1994"]
[BlackElo "2184"]
[WhiteFideId "5102472"]
[BlackFideId "5030196"]
[EventDate "2011.08.02"]

1. e4 c5 2. Nf3 Nc6 3. d4 cxd4 4. Nxd4 Nf6 5. Nc3 e5 6. Ndb5 d6 7. Bg5 a6 8. Na3
b5 9. Nd5 Be7 10. Bxf6 Bxf6 11. c3 O-O 12. Nc2 Bg5 13. a4 bxa4 14. Rxa4 a5 15.
Bd3 Rb8 16. Qa1 Be6 17. O-O f5 18. f3 g6 19. Rd1 Qd7 20. Kh1 Bd8 21. Nce3 Ne7
22. Nxe7+ Qxe7 23. Bc4 fxe4 24. fxe4 Rf2 25. Qa2 Rbxb2 26. Bxe6+ Kg7 27. Qc4 Qg5
28. Ng4 Rxg2 29. Qf1 Rxh2+ 30. Nxh2 Qg3 31. Qf7+ Kh6 32. Qf8+ Kg5 33. Qxd8+ Kh5
34. Bg4+ Kh6 35. Qf8+ Kg5 36. Nf3+ Kxg4 37. Rg1 Rb1 38. Rxb1 Qh3+ 39. Nh2+ 1-0

[Event "50th World Juniors"]
[Site "Chennai IND"]
[Date "2011.08.03"]
[Round "2.61"]
[White "Bryan-Vissi, Mark"]
[Black "Vasli, Aref"]
[Result "1/2-1/2"]
[WhiteElo "1815"]
[BlackElo "2181"]
[WhiteFideId "5900638"]
[BlackFideId "417521"]
[EventDate "2011.08.02"]

1. e4 e5 2. Nf3 Nc6 3. Bb5 a6 4. Bxc6 dxc6 5. d4 exd4 6. Qxd4 Qxd4 7. Nxd4 Bd6
8. Be3 Ne7 9. Nd2 Ng6 10. O-O O-O 11. Rad1 Re8 12. f3 c5 13. N4b3 b6 14. Nc4 Bf8
15. Bf2 Be6 16. Ne3 Nf4 17. Rfe1 g6 18. Bg3 Bh6 19. Bxf4 Bxf4 20. Nd5 Be5 21. c3
Kf8 22. g3 Rac8 23. f4 Bg7 24. e5 c4 25. Nc1 Bg4 26. Ne2 Red8 27. Kf2 Bf5 28.
Ne3 Bd3 29. Nc1 b5 30. Rd2 Be4 31. Ne2 Ke8 32. Nd5 c6 33. Nf6+ Bxf6 34. exf6 Bd5
35. Nd4+ 1/2-1/2

[Event "50th World Juniors"]
[Site "Chennai IND"]
[Date "2011.08.04"]
[Round "3.1"]
[White "Vidit, Santosh Gujrathi"]
[Black "Salgado Lopez, Ivan"]
[Result "0-1"]
[WhiteTitle "IM"]
[BlackTitle "GM"]
[WhiteElo "2492"]
[BlackElo "2626"]
[WhiteFideId "5029465"]
[BlackFideId "2257327"]
[EventDate "2011.08.02"]

1. d4 Nf6 2. Nf3 g6 3. c4 Bg7 4. Nc3 d5 5. Bf4 O-O 6. e3 c5 7. Rc1 cxd4 8. Nxd4
Ne4 9. cxd5 Nxc3 10. bxc3 Qxd5 11. Qb3 Qa5 12. Nb5 Be6 13. Bc4 Bxc4 14. Qxc4 a6
15. Nc7 e5 16. Nxa8 exf4 17. O-O Nc6 18. Qb3 f3 19. Qxb7 Qg5 20. g3 Ne5 21. Qe4
Qd8 22. c4 Qxa8 23. Qxa8 Rxa8 24. c5 Rc8 25. Rfd1 Bf8 26. Rd5 f6 27. e4 Rc6 28.
h3 h5 29. Kf1 Kf7 30. a4 Be7 31. a5 Ke6 32. Rb1 Nd7 33. Rb7 Nxc5 34. Rb6 Rxb6
35. axb6 Bd6 36. g4 hxg4 37. hxg4 g5 38. Rf5 Be5 39. Rxf3 Kd6 0-1

[Event "50th World Juniors"]
[Site "Chennai IND"]
[Date "2011.08.04"]
[Round "3.2"]
[White "Goganov, Aleksey"]
[Black "Nabaty, Tamir"]
[Result "1/2-1/2"]
[WhiteTitle "IM"]
[BlackTitle "GM"]
[WhiteElo "2489"]
[BlackElo "2584"]
[WhiteFideId "24109959"]
[BlackFideId "2809052"]
[EventDate "2011.08.02"]

1. d4 Nf6 2. Nf3 e6 3. g3 b5 4. Qd3 c5 5. e4 Bb7 6. Nbd2 Nc6 7. c3 cxd4 8. Nxd4
b4 9. Bg2 bxc3 10. bxc3 Nxd4 11. Qxd4 Qc7 12. Rb1 Ba6 13. c4 Bc5 14. Qc3 e5 15.
O-O O-O 16. Bb2 d6 17. Qc2 Nd7 18. Rbc1 Nb8 19. Nb3 Nc6 20. Qd2 Rab8 21. Rfd1
Bc8 22. Nxc5 dxc5 23. Qd6 Rb7 24. Ba3 Nb4 25. Bxb4 cxb4 26. c5 Be6 27. Qa6 Rbb8
28. c6 Rb6 29. Qa5 g6 30. Rc5 Rc8 31. Rdc1 Rd8 32. Bf1 Rd2 33. R5c2 Rd4 1/2-1/2

[Event "50th World Juniors"]
[Site "Chennai IND"]
[Date "2011.08.04"]
[Round "3.3"]
[White "Rombaldoni, Axel"]
[Black "Grandelius, Nils"]
[Result "1-0"]
[WhiteTitle "IM"]
[BlackTitle "GM"]
[WhiteElo "2459"]
[BlackElo "2542"]
[WhiteFideId "815837"]
[BlackFideId "1710400"]
[EventDate "2011.08.02"]

1. e4 c5 2. Nf3 d6 3. d4 Nf6 4. Bb5+ Bd7 5. Bxd7+ Qxd7 6. dxc5 Nxe4 7. cxd6 Nxd6
8. O-O Nc6 9. Bf4 Rd8 10. Nc3 Qf5 11. Bxd6 Rxd6 12. Qe2 e6 13. Nb5 Rd7 14. Rad1
Bc5 15. Rxd7 Kxd7 16. Rd1+ Ke7 17. Nbd4 Nxd4 18. Nxd4 Bxd4 19. Rxd4 Rc8 20. c3
Rc7 21. Qd1 Qb5 22. Qd2 Qf5 23. h3 h6 24. Rd8 Qe5 25. Rf8 Kf6 26. Rd8 Ke7 27. h4
Kf6 28. g3 Rc5 29. Rd7 Rd5 30. Rxd5 Qxd5 31. Qxd5 exd5 32. Kf1 Kf5 33. f3 h5 34.
Kf2 f6 35. Ke3 g5 36. a4 a5 37. b4 gxh4 38. gxh4 Ke5 39. bxa5 Ke6 40. Kf4 Ke7
41. Kf5 Kf7 42. f4 Ke7 43. Kg6 Ke6 44. a6 bxa6 45. a5 1-0